000 00298nam a2200133Ia 4500
005 20251222143318.0
008 251222s9999||||xx |||||||||||||| ||spa||
020 _a84-96118-07-X
082 _a848.94/S26
100 _aSartre, Jean Paul
245 0 _aLa NĂ¡usea
264 _bSol 90
942 _cLIB
999 _c15967
_d15967